|
|
|
|
| LEADER |
00000nam0a2200000 4500 |
| 001 |
298903 |
| 005 |
20231102001142.0 |
| 035 |
|
|
|a (RuTPU)RU\TPU\book\324054
|
| 090 |
|
|
|a 298903
|
| 100 |
|
|
|a 20150623d1982 km y0rusy50 ca
|
| 101 |
0 |
|
|a rus
|
| 102 |
|
|
|a RU
|
| 105 |
|
|
|a a g 001zy
|
| 200 |
1 |
|
|a Стальные трубы
|e справочник
|f под ред. П. К. Тетерина
|
| 210 |
|
|
|a Москва
|c Металлургия
|d 1982
|
| 215 |
|
|
|a 536 с.
|c ил.
|
| 320 |
|
|
|a Библиогр.: с. 526-532
|
| 320 |
|
|
|a Предм. указ.: с. 533-536
|
| 606 |
1 |
|
|a Трубы стальные
|2 stltpush
|3 (RuTPU)RU\TPU\subj\61944
|9 79106
|
| 610 |
1 |
|
|a справочники
|
| 610 |
1 |
|
|a сталь
|
| 610 |
1 |
|
|a заготовки
|
| 610 |
1 |
|
|a свойства
|
| 610 |
1 |
|
|a применение
|
| 610 |
1 |
|
|a стандарты
|
| 610 |
1 |
|
|a изготовление
|
| 610 |
1 |
|
|a бесшовные трубы
|
| 610 |
1 |
|
|a редуцирование
|
| 610 |
1 |
|
|a сварные трубы
|
| 610 |
1 |
|
|a параметры
|
| 610 |
1 |
|
|a расчеты
|
| 610 |
1 |
|
|a теплоизоляция
|
| 610 |
1 |
|
|a соединения
|
| 610 |
1 |
|
|a антикоррозионная защита
|
| 610 |
1 |
|
|a трубопроводы
|
| 610 |
1 |
|
|a магистральные трубопроводы
|
| 610 |
1 |
|
|a элементы
|
| 610 |
1 |
|
|a конструкции
|
| 675 |
|
|
|a 621.774(035)
|v 4
|
| 702 |
|
1 |
|a Тетерин
|b П. К.
|4 340
|
| 801 |
|
1 |
|a RU
|b 63413507
|c 20150623
|
| 801 |
|
2 |
|a RU
|b 63413507
|c 20190326
|g RCR
|
| 942 |
|
|
|c BK
|